000 01468nam a2200277Ia 4500
001 K0387
003 IT-RoPAU
008 130308s9999 xx 000 0 und d
040 _aIT-RoPAU
040 _cIT-RoPAU
041 _aITALIANO
100 _aVezzoli Giovanni
100 _gCodice Aut. SPICS: 60146
245 _aDuomo nuovo e il Duomo vecchio di Brescia (Il)
245 _bDuomo Nuovo e Il Duomo vecchio di Brescia (Il)
250 _a1a ed.
260 _bs.e. (senza Editrice o non identificata)
260 _c1980 [1° Ed.:1980 - Ed.Ling.Originale:1980]
300 _a"96 p. (prefazione: no ; testo: 96 [pagine: 0-0])"
500 _a"Segreto della cattedrale (Da Un'Omelia del Card. G.B. Montini 1959). Due Cattedrali: notizie Storiche Generali; Duomo Vecchio; Duomo Nuovo. visita al Duomo Nuovo: Esterno; Navata Destra; Presbiterio; Navata Sinistra; Navata Centrale; Sagrestia. visita al Duomo Nuovo: Interno; Transetto Sinistro, Cappella delle Sante Croci; tesoro delle Sante Croci; Presbiterio; Transetto Destro e Cappella del Sacramento; Cripta; Ambulacri e Arca Maggi; Platea. Arredi e Paramenti. Bibliografia. Illustrazioni a Colori e in bianco e Nero. "
650 _aSAGGI SULLE ARTI VISIVE
650 _eCodice materia Spics: 5011
942 _cBK
957 _71
999 _c77073
_d77073
999 _g1